000 00843cab a2200241 4500
001 WB3439-32
008 090401t1998 xxu||||| |||| 00| 0 eng d
035 _a(Sirsi) u88958
041 _aeng
245 _aPlan for new town near Cambridge
260 _c1998
350 _a0
490 _aFinancial Times
_v10 October 1998, 1
490 _aBirmingham Post
_v13 October 1998, 3(2)
520 _aPlans to build Britain`s first new town since 1970 have been put forward. If the application for the privately-funded town is successful, it would be built outside Cambridge, housing 50,000 people. Plans for other new towns are currently underway.
650 _aCAMBRIDGE
650 _aNEW SETTLEMENTS
650 _aNEW TOWNS
650 _aPRIVATE FUNDING
690 _aPLANNING LAW AND PRACTICE
942 _n0
948 _c13/10/1998
999 _c56245
_d56245